[Event "Fischer Memorial"]
[Site "http://www.queenalice.com/game.php?id=615858"]
[Date "2009.7.9"]
[Round "4"]
[White "pickles"]
[Black "mister"]
[Result "1/2-1/2"]
[WhiteElo "2429"]
[BlackElo "2454"]

1. e4 c5 2. Nf3 d6 3. d4 cxd4 4. Nxd4 Nf6 5. Nc3 a6 6. h3 e5 7. Nde2 h5 8. Bg5
Be6 9. Bxf6 Qxf6 10. Nd5 Qd8 11. Nec3 g6 12. Bc4 Bh6 13. O-O O-O 14. Bb3 Nd7 15.
Qe2 Qg5 16. Qf3 Rac8 17. Rad1 Nc5 18. Nb6 Rc6 19. Nc4 Nxb3 20. axb3 b5 21. Na5
Rc7 22. Rxd6 Ra8 23. Rfd1 Bf8 24. Rb6 Rd8 25. Rxd8 Qxd8 26. Rxa6 Qc8 27. Rb6 b4
28. Nd5 Rxc2 29. Nxb4 Rxf2 30. Kxf2 Bc5+ 31. Ke2 Bxb6 32. Nac6 Kg7 33. Qd3 Bg1
34. Qb5 Bh2 35. Nxe5 Qc1 36. Nc4 Bxc4+ 37. Qxc4 Qxb2+ 38. Nc2 Qf6 39. Qd4 Be5
40. Qc5 Qf4 41. Qe3 Qh2 42. Qf3 Bb8 43. Ne3 Qe5 44. Nc4 Qa1 45. Kd2 Be5 46. Nxe5
Qb2+ 47. Kd1 Qxe5 48. Qd3 Qb2 49. Qc2 Qd4+ 50. Ke2 Qe5 51. Qd3 Qb2+ 52. Kf3 h4
53. Qc4 Qf6+ 54. Ke3 Qg5+ 55. Kf2 Qf6+ 1/2-1/2

[Event "Challenge"]
[Site "http://www.queenalice.com/game.php?id=620144"]
[Date "2009.7.16"]
[Round "-"]
[White "Conde7"]
[Black "mister"]
[Result "1/2-1/2"]
[WhiteElo "2575"]
[BlackElo "2455"]

1. e4 c5 2. Nf3 d6 3. d4 cxd4 4. Nxd4 Nf6 5. Nc3 a6 6. Be3 e5 7. Nb3 Be6 8. f3
Nbd7 9. Qd2 b5 10. O-O-O Rc8 11. Kb1 Qc7 12. g4 Nb6 13. g5 Nfd7 14. h4 Nc4 15.
Bxc4 bxc4 16. Nc1 Be7 17. N1e2 Qb7 18. Ka1 Rb8 19. Rb1 f5 20. h5 f4 21. Bxf4
exf4 22. h6 g6 23. Nxf4 Bf7 24. Nfd5 Bxd5 25. Nxd5 Nb6 26. Qd4 Rf8 27. f4 Nxd5
28. exd5 Qb5 29. Rhe1 Rf7 30. Re4 Kd7 31. b4 Bd8 32. c3 Kc8 33. Re6 Rb6 34. Qe4
a5 35. Re8 axb4 36. Rxb4 Qa6 37. Rxc4+ Kb7 38. Rg8 Re7 39. Rg7 Qa3 40. Qc2 Kb8
41. Rxe7 Bxe7 42. Rd4 Qc5 43. Rd1 Qc4 44. Rd4 Qf1+ 45. Qd1 Qh3 46. Qc2 Bd8 47.
Qd3 Qxd3 48. Rxd3 Rb7 49. Rd4 Bb6 50. Re4 Bf2 51. Re8+ Ka7 52. a4 Bg3 53. Rf8
Be1 54. f5 Bxc3+ 55. Ka2 gxf5 56. Rxf5 Ka6 57. Rf3 Be5 58. Ka3 Bb2+ 59. Ka2 Bc1
60. Rf6 Bxg5 61. Rxd6+ Ka5 62. Rc6 Kxa4 63. d6 Bd8 64. Rc4+ Kb5 65. Rg4 Kc6 66.
Rg7 Bf6 67. Rxb7 Kxb7 68. Kb3 Bg5 69. Kc4 Kc6 1/2-1/2

[Event "Challenge"]
[Site "http://www.queenalice.com/game.php?id=620145"]
[Date "2009.7.16"]
[Round "-"]
[White "mister"]
[Black "Conde7"]
[Result "1/2-1/2"]
[WhiteElo "2453"]
[BlackElo "2569"]

1. Nf3 Nf6 2. c4 e6 3. Nc3 d5 4. cxd5 exd5 5. h3 d4 6. Qa4+ Nc6 7. Nb5 Bc5 8. e3
O-O 9. Nbxd4 Bxd4 10. Nxd4 Nxd4 11. Qxd4 Qxd4 12. exd4 Re8+ 13. Be2 Nd5 14. Kd1
Nb4 15. d3 Nc2 16. Rb1 Bf5 17. Kxc2 Rxe2+ 18. Bd2 Rxf2 19. Rbf1 Rxf1 20. Rxf1
Be6 21. Re1 h6 22. Kc3 a5 23. Bf4 a4 24. a3 Ra6 25. Re2 Rb6 26. Re5 Rb3+ 27. Kc2
c6 28. Ra5 b5 29. Bd2 Kh7 30. Ra6 Bd5 31. g3 Kg6 32. Ra7 h5 33. Re7 Bg2 34. h4
Bf3 35. Re5 f6 36. Re7 Bg2 37. Bb4 1/2-1/2

[Event "Challenge"]
[Site "http://www.queenalice.com/game.php?id=654610"]
[Date "2009.9.18"]
[Round "-"]
[White "mister"]
[Black "pickles"]
[Result "1-0"]
[WhiteElo "2457"]
[BlackElo "2437"]

1. c4 e5 2. Nc3 Nf6 3. g3 d5 4. cxd5 Nxd5 5. Bg2 Nb6 6. d3 Be7 7. Nf3 Nc6 8. O-O
O-O 9. Be3 Be6 10. a3 f5 11. Rc1 Bf6 12. Nd2 Rb8 13. Nb5 Qd7 14. Nc4 Rfd8 15.
Nxb6 cxb6 16. Nxa7 Nxa7 17. Bxb6 Nc6 18. Bxd8 Rxd8 19. Bxc6 Qxc6 20. Rxc6 bxc6
21. Qc2 1-0

[Event "World Cup"]
[Site "http://www.queenalice.com/game.php?id=668140"]
[Date "2009.10.16"]
[Round "4"]
[White "LoveChess"]
[Black "mister"]
[Result "1/2-1/2"]
[WhiteElo "2598"]
[BlackElo "2470"]

1. e4 c5 2. Nc3 g6 3. Nf3 Bg7 4. d4 cxd4 5. Nxd4 Nc6 6. Be3 Nf6 7. Bc4 O-O 8.
Bb3 Qa5 9. O-O d6 10. h3 Bd7 11. f4 Rac8 12. Qf3 Nxd4 13. Bxd4 Bc6 14. Rad1 Nd7
15. Nd5 Bxd5 16. exd5 b5 17. Qe3 Qc7 18. f5 Bf6 19. c3 a5 20. a3 Qb7 21. fxg6
fxg6 22. Qe6+ Rf7 23. Be3 Qc7 24. Ba2 Nc5 25. Qg4 Qd7 26. Qe2 Ne4 27. Bf4 Nc5
28. Bh6 Rb8 29. Rf4 Bg7 30. Rxf7 Kxf7 31. Bxg7 Kxg7 32. Qe3 Na4 33. Bb3 Rf8 34.
Bxa4 bxa4 35. Re1 Rf7 36. Qd4+ Kg8 37. Kh2 Qb5 38. c4 Qb7 39. Re6 Qb8 40. Qd2
Qa7 41. Re4 Rf1 42. Kg3 Rf5 43. Re6 Kf8 44. h4 Rf7 45. Re4 Rf5 46. Kh2 Kg8 47.
Qe1 Qc7 48. Qd1 Re5 49. Rf4 Qd7 50. Qf3 Qc8 51. Qf2 Qb8 52. Kh1 1/2-1/2

[Event "kasker"]
[Site "http://www.queenalice.com/game.php?id=668232"]
[Date "2009.10.16"]
[Round "1"]
[White "jotu"]
[Black "mister"]
[Result "0-1"]
[WhiteElo "2302"]
[BlackElo "2465"]

1. e4 c5 2. Nf3 d6 3. d4 cxd4 4. Nxd4 Nf6 5. Nc3 a6 6. Bg5 e6 7. f4 Be7 8. Qf3
Qc7 9. O-O-O Nbd7 10. g4 b5 11. Bxf6 Nxf6 12. g5 Nd7 13. f5 Nc5 14. f6 gxf6 15.
gxf6 Bf8 16. Rg1 h5 17. a3 Qb6 18. Kb1 Rb8 19. Qe3 b4 20. Nd5 exd5 21. exd5+ Kd8
22. Nc6+ Kc7 23. Nxb8 bxa3 24. Nxa6+ Nxa6 25. Qxa3 Qxg1 0-1

[Event "Challenge"]
[Site "http://www.queenalice.com/game.php?id=701584"]
[Date "2009.12.21"]
[Round "-"]
[White "fgoliveira"]
[Black "mister"]
[Result "0-1"]
[WhiteElo "900"]
[BlackElo "2473"]

1. d4 d5 2. a3 Bf5 3. h3 Nf6 4. Nf3 e6 5. Qd3 Bxd3 6. cxd3 c5 7. Nc3 Nc6 8. e3
cxd4 9. Nxd4 Nxd4 10. exd4 a6 11. Be2 Qb6 12. Bd2 Qxb2 13. O-O Rc8 14. Na4 Qxd2
15. Nb6 Rc6 16. Nxd5 Qxe2 17. Rae1 Qxf1+ 18. Kxf1 Nxd5 19. Rb1 Nf4 20. g3 Bxa3
21. Ke1 Rc1+ 22. Rxc1 Nxd3+ 23. Kd2 Bxc1+ 24. Kxd3 Kd7 25. Kc4 Rc8+ 26. Kb4 Ba3+
27. Ka5 Rc6 28. Ka4 b5+ 29. Kb3 a5 30. Kxa3 Rc4 31. Kb3 a4+ 32. Ka3 Kd6 33. f4
Kd5 34. h4 h5 35. Kb2 Kxd4 36. Kb1 Ke3 37. Kb2 Kf3 38. Ka1 Kxg3 39. Kb2 Kxf4 40.
Ka2 e5 41. Kb1 Rc1+ 42. Kxc1 b4 43. Kb2 a3+ 44. Kb3 e4 45. Ka2 e3 46. Ka1 e2 47.
Ka2 e1=R 48. Kb3 Re2 49. Kxb4 a2 50. Kc3 f5 51. Kd3 Re3+ 52. Kd4 a1=B+ 53. Kd5
Re5+ 54. Kd6 Ke4 55. Kd7 f4 56. Kd6 f3 57. Kc6 Rd5 58. Kb6 f2 59. Kb7 f1=N 60.
Kb6 Ne3 61. Kc6 Nc4 62. Kc7 Rd6 63. Kb7 Be5 64. Kb8 g5 65. Ka8 g4 66. Kb8 g3 67.
Kb7 Na5+ 68. Kc7 g2 69. Kc8 g1=R 70. Kc7 Rc6+ 71. Kd7 Rg7+ 72. Kd8 Rc8+ 73. Kxc8
Kf5 74. Kd8 Rd7+ 75. Ke8 Kg4 76. Kxd7 Kxh4 77. Ke6 Kg3 78. Kxe5 h4 79. Kd5 h3
80. Kc5 h2 81. Kb5 h1=R 82. Kxa5 Rb1 83. Ka4 Kf4 84. Ka3 Ke4 85. Ka2 Rb8 86. Ka3
Kd4 87. Ka4 Kc5 88. Ka3 Kc4 89. Ka2 Kc3 90. Ka1 Kc2 91. Ka2 Rb3 92. Ka1 Ra3# 0-1

[Event "AUTO-ELITE-474"]
[Site "http://www.queenalice.com/game.php?id=711788"]
[Date "2010.1.10"]
[Round "1"]
[White "jagvg"]
[Black "mister"]
[Result "1/2-1/2"]
[WhiteElo "2289"]
[BlackElo "2480"]

1. c4 Nf6 2. Nf3 c5 3. Nc3 Nc6 4. e3 g6 5. d4 cxd4 6. exd4 d5 7. Bg5 Be6 8. Bxf6
exf6 9. cxd5 Bxd5 10. Bb5 Bh6 11. Qe2+ Kf8 12. Bxc6 bxc6 13. O-O Be6 14. Rfe1
Kg7 15. Qa6 Qb6 16. Qa3 Rhe8 17. Ne4 Bd5 18. Nd6 Red8 19. Re7 Bf4 20. Ne4 a5 21.
Nc5 Rab8 22. Rae1 Bd6 23. R7e2 Qb5 24. Rc2 Re8 25. Rd1 Bxc5 26. dxc5 Qb4 27.
Qxb4 Rxb4 28. a3 Rg4 29. Rc3 Bxf3 30. Rxf3 Rd4 31. Rb1 Rc4 32. Rc3 Rxc3 33. bxc3
Re5 34. Rc1 Rxc5 35. c4 Re5 36. Kf1 Re4 37. c5 f5 38. f3 Ra4 39. Rc3 Kf6 40. Rd3
h5 41. Rd6+ Ke5 42. Rxc6 Rxa3 43. Ra6 a4 44. h3 Ra1+ 45. Ke2 a3 46. f4+ Kd5 47.
c6 Kd6 48. h4 a2 49. Kf2 g5 50. fxg5 f4 51. Ra4 Kxc6 52. Ra6+ Kb5 53. Ra3 f3 54.
Ra8 fxg2 1/2-1/2

[Event "AUTO-ELITE-474"]
[Site "http://www.queenalice.com/game.php?id=711789"]
[Date "2010.1.10"]
[Round "1"]
[White "mister"]
[Black "jagvg"]
[Result "1-0"]
[WhiteElo "2476"]
[BlackElo "2288"]

1. c4 g6 2. g3 Bg7 3. Nc3 e5 4. Bg2 Ne7 5. h4 Nbc6 6. h5 O-O 7. hxg6 fxg6 8. d3
d6 9. Nf3 Bg4 10. Ng5 h6 11. Nge4 g5 12. f3 Be6 13. Be3 Qd7 14. Bf2 g4 15. f4
exf4 16. gxf4 Rxf4 17. Be3 Ng6 18. Qd2 Raf8 19. Ng3 R4f7 20. Nh5 Bh8 21. Bxh6
Re8 22. O-O-O Rf2 23. Ne4 Rf5 24. Rdf1 Kf7 25. Neg3 Rxf1+ 26. Rxf1+ Kg8 27. Ne4
Qd8 28. Nhf6+ Bxf6 29. Nxf6+ Kf7 30. Qg5 Nce5 31. Nxg4+ Kg8 32. Rf6 Kh8 33. Nxe5
dxe5 34. Bg7+ Kg8 35. Qxg6 1-0

[Event "AUTO-ELITE-474"]
[Site "http://www.queenalice.com/game.php?id=711794"]
[Date "2010.1.10"]
[Round "1"]
[White "mister"]
[Black "modestyblase"]
[Result "1-0"]
[WhiteElo "2480"]
[BlackElo "2291"]

1. c4 c5 2. g3 Nc6 3. Nc3 g6 4. Bg2 Bg7 5. Nf3 e6 6. O-O Nge7 7. d3 O-O 8. Bf4
d5 9. Rc1 d4 10. Na4 b6 11. Rb1 Bb7 12. a3 a5 13. Qb3 e5 14. Nxe5 Bxe5 15. Bxe5
Nxe5 16. Bxb7 Rb8 17. Bg2 Qc7 18. Qd1 b5 19. cxb5 Rxb5 20. Qc2 Rc8 21. Bh3 f5
22. f4 Nf7 23. Qc4 Qd7 24. Bg2 Kg7 25. Rbc1 Kf8 26. Rfe1 Nd6 27. Qa2 Rc7 28. e3
Ne8 29. e4 Nf6 30. Bh3 Ng4 31. Bxg4 fxg4 32. Rc4 Qd6 33. Rec1 1-0

[Event "AUTO-ELITE-474"]
[Site "http://www.queenalice.com/game.php?id=711795"]
[Date "2010.1.10"]
[Round "1"]
[White "modestyblase"]
[Black "mister"]
[Result "0-1"]
[WhiteElo "2298"]
[BlackElo "2476"]

1. d4 d5 2. c4 c6 3. Nc3 dxc4 4. e4 b5 5. a4 b4 6. Na2 Nf6 7. e5 Nd5 8. Bxc4 e6
9. Nf3 Be7 10. O-O O-O 11. Qe2 Nd7 12. Re1 Bb7 13. Bd2 a5 14. Nc1 N5b6 15. Bd3
c5 16. Nb3 Bd5 17. Nxc5 Bxf3 18. Qxf3 Bxc5 19. dxc5 Nxc5 20. Re3 g6 21. Rd1 Qd5
22. Be2 Qxf3 23. Bxf3 Rad8 24. b3 Nd5 0-1

[Event "mowliid12"]
[Site "http://www.queenalice.com/game.php?id=718832"]
[Date "2010.1.23"]
[Round "3"]
[White "mister"]
[Black "headhunter"]
[Result "1-0"]
[WhiteElo "2498"]
[BlackElo "2499"]

1. c4 Nf6 2. Nf3 g6 3. g3 Bg7 4. Bg2 O-O 5. O-O d6 6. Nc3 e5 7. d4 Nc6 8. dxe5
Nxe5 9. Nxe5 dxe5 10. Bg5 Qxd1 11. Raxd1 c6 12. h3 Be6 13. b3 h6 14. Be3 Rfe8
15. Na4 Nd7 16. Rd2 e4 17. Rfd1 b5 18. cxb5 cxb5 19. Bxe4 Rac8 20. Nb2 Bxh3 21.
Bb7 Rc7 22. Ba6 Rxe3 23. fxe3 Bc3 24. Rc2 b4 25. Rdc1 Rc6 26. Bd3 Rd6 27. Nd1
Be5 28. Nf2 Be6 29. Ne4 Rb6 30. Rc6 Kf8 31. Rxb6 axb6 32. Kf2 Bd5 33. Rd1 Ke7
34. Bb5 Be6 35. Bxd7 Bxd7 36. Nd2 Bc6 37. Nc4 Bc7 38. Nb2 Bd6 39. Rc1 Be4 40.
Na4 b5 41. Nb6 Ke6 42. Nc8 Be5 43. Na7 Bb2 44. Rd1 f5 45. Nxb5 Be5 46. Nd4+ Ke7
47. Rc1 Kf6 48. Rc4 Bd6 49. Nc6 Bxc6 50. Rxc6 Ke6 51. Kf3 Ke5 52. Rc4 h5 53. e4
fxe4+ 54. Rxe4+ Kf6 55. Re8 Kf7 56. Ra8 Ke6 57. Ra5 Bc7 58. Ra6+ Bd6 59. Ke4 g5
60. Rb6 h4 61. gxh4 gxh4 62. Kf3 1-0

[Event "Challenge"]
[Site "http://www.queenalice.com/game.php?id=722102"]
[Date "2010.1.29"]
[Round "-"]
[White "cro_kramnik"]
[Black "mister"]
[Result "1/2-1/2"]
[WhiteElo "2474"]
[BlackElo "2476"]

1. d4 d5 2. c4 c6 3. Nf3 Nf6 4. Nc3 dxc4 5. a4 Bf5 6. Ne5 e6 7. f3 Bb4 8. e4
Bxe4 9. fxe4 Nxe4 10. Bd2 Qxd4 11. Nxe4 Qxe4+ 12. Qe2 Bxd2+ 13. Kxd2 Qd5+ 14.
Kc2 Na6 15. Nxc4 O-O-O 16. Qe3 Nc5 17. Be2 Qf5+ 18. Kc3 Rd5 19. Rhf1 Qg6 20.
Nd6+ Rxd6 21. Qxc5 Rd5 22. Qxa7 Rhd8 23. Rad1 Rxd1 24. Qa8+ Kc7 25. Qa5+ Kc8 26.
Rxd1 Rxd1 27. Bxd1 Qxg2 28. Qe5 h6 29. Bc2 Qg1 30. Qd6 Qe3+ 31. Kb4 Qb6+ 32. Ka3
Qd8 1/2-1/2

[Event "kasker"]
[Site "http://www.queenalice.com/game.php?id=747116"]
[Date "2010.3.16"]
[Round "2"]
[White "amed66"]
[Black "mister"]
[Result "1/2-1/2"]
[WhiteElo "2527"]
[BlackElo "2485"]

1. d4 d5 2. c4 c6 3. Nc3 dxc4 4. a4 e5 5. dxe5 Qxd1+ 6. Kxd1 Na6 7. e4 Be6 8.
Be3 Rd8+ 9. Ke2 Bc5 10. f4 f5 11. Nf3 Ne7 12. exf5 Nxf5 13. Bxc5 Nxc5 14. g4 Ne7
15. h3 g6 16. Ke3 Rf8 17. Be2 Nd3 18. Ng5 Nxf4 19. Nxe6 Nxe6 20. Bxc4 Nd5+ 21.
Nxd5 cxd5 22. Ba2 Rf4 23. Rad1 Re4+ 24. Kf3 Nd4+ 25. Kg2 Re2+ 26. Kg3 Rxb2 27.
Rxd4 Rxa2 28. Rb1 Rd7 29. e6 Rc7 30. Rxd5 Ke7 31. Rd7+ Rxd7 32. exd7 b6 33. Rd1
Kd8 34. Rd4 Ra3+ 35. Kh4 Re3 36. a5 bxa5 37. Rd5 Re7 38. Rxa5 Rxd7 1/2-1/2

[Event "World Cup"]
[Site "http://www.queenalice.com/game.php?id=777038"]
[Date "2010.5.17"]
[Round "5"]
[White "mister"]
[Black "Alsina"]
[Result "1/2-1/2"]
[WhiteElo "2486"]
[BlackElo "2486"]

1. c4 Nf6 2. Nf3 g6 3. g3 Bg7 4. Bg2 O-O 5. Nc3 d6 6. d4 Nbd7 7. O-O e5 8. dxe5
dxe5 9. h3 c6 10. Be3 Qe7 11. Qb3 Nh5 12. Rad1 f5 13. Bg5 Qf7 14. Bc1 h6 15. e4
Nb6 16. c5 Be6 17. Qa3 Nc4 18. Qa4 b5 19. Qc2 b4 20. exf5 gxf5 21. Ne2 Rad8 22.
b3 Na3 23. Bxa3 bxa3 24. Rd6 Rxd6 25. cxd6 Rd8 26. Qc5 Bd5 27. Rd1 e4 28. Nfd4
Bf8 29. Nxc6 Rxd6 30. Nb4 Rd7 31. Qc3 Rc7 32. Qd2 Bb7 33. Nc2 Ba6 34. Bf1 f4 35.
Nxf4 Nxf4 36. gxf4 Bxf1 37. Kxf1 Kh7 38. Qd8 1/2-1/2

[Event "AUTO-ELITE-474"]
[Site "http://www.queenalice.com/game.php?id=789210"]
[Date "2010.6.13"]
[Round "2"]
[White "Plotnnikov"]
[Black "mister"]
[Result "1/2-1/2"]
[WhiteElo "2510"]
[BlackElo "2484"]

1. d4 d5 2. c4 c6 3. cxd5 cxd5 4. Nc3 Nf6 5. Nf3 Nc6 6. Bf4 Qb6 7. a3 Bf5 8. Na4
Qd8 9. e3 Rc8 10. Rc1 Ne4 11. Nc3 e6 12. Nxe4 Bxe4 13. Qb3 Qd7 14. Bb5 f6 15.
O-O Bxf3 16. gxf3 Be7 17. Rc3 a6 18. Bxc6 Rxc6 19. Rfc1 Rxc3 20. Rxc3 Bd8 21.
Kg2 Ba5 22. Rc5 Bd8 23. a4 O-O 24. a5 Re8 25. h3 g6 26. Kf1 Kf7 27. h4 h6 28.
Bh2 Re7 29. Ke2 Kg8 30. Kd3 1/2-1/2

[Event "AUTO-ELITE-474"]
[Site "http://www.queenalice.com/game.php?id=789211"]
[Date "2010.6.13"]
[Round "2"]
[White "mister"]
[Black "Plotnnikov"]
[Result "1/2-1/2"]
[WhiteElo "2485"]
[BlackElo "2494"]

1. c4 Nf6 2. g3 e5 3. Bg2 Nc6 4. Nc3 Bb4 5. Nf3 O-O 6. O-O e4 7. Ng5 Bxc3 8.
bxc3 Re8 9. Qc2 d5 10. cxd5 Qxd5 11. d3 Bf5 12. Rb1 h6 13. Nxe4 Nxe4 14. c4 Qe5
15. dxe4 Bxe4 16. Qxe4 Qxe4 17. Bxe4 Rxe4 18. Rxb7 Rxe2 19. Rxc7 Nd8 20. a3 Ne6
21. Rb7 Rc2 22. Be3 Rxc4 23. Rc1 Rxc1+ 24. Bxc1 a6 25. Be3 g5 26. Kg2 Kg7 27. a4
Kg6 28. Kf3 f5 29. Rb6 Kf7 30. a5 Rc8 31. h4 gxh4 32. gxh4 Rc3 33. Kg2 Rc4 34.
Rxa6 Rxh4 35. Ra8 Rb4 36. Rh8 f4 37. Bd2 Rb2 38. Bc3 Ra2 39. Rxh6 Ke7 40. Rh1
Kd7 41. Ra1 Rxa1 42. Bxa1 Kc6 43. Kf3 Ng5+ 44. Kxf4 1/2-1/2

[Event "AUTO-ELITE-474"]
[Site "http://www.queenalice.com/game.php?id=837396"]
[Date "2010.9.24"]
[Round "3"]
[White "Richardlim"]
[Black "mister"]
[Result "0-1"]
[WhiteElo "2203"]
[BlackElo "2494"]

1. e4 c5 2. Nf3 d6 3. d4 cxd4 4. Nxd4 Nf6 5. Nc3 a6 6. Bg5 e6 7. f4 Qc7 8. Qf3
Nc6 9. Nxc6 bxc6 10. Bxf6 gxf6 11. O-O-O d5 12. exd5 cxd5 13. g3 Rb8 14. b3 Bb7
15. f5 Ba3+ 16. Kb1 Rc8 17. fxe6 Qxc3 18. exf7+ Kxf7 19. Qxc3 Rxc3 20. Bg2 Rhc8
21. Rd2 Bc6 22. Rhd1 d4 23. Bh3 Re8 24. Bg4 Kg6 25. Rf2 Rce3 26. Bf5+ Kg7 27.
Ka1 Bf3 28. Rb1 Bb4 29. a4 Be1 30. Rf1 Bc3+ 31. Ka2 d3 32. Rxf3 dxc2 33. Rxe3
cxb1=Q+ 34. Kxb1 Rxe3 35. Kc2 Bb4 36. Bd3 a5 37. Bc4 Rc3+ 38. Kd1 Rxc4 39. bxc4
h5 40. Ke2 Bc5 41. Kf3 Kg6 42. Ke4 f5+ 43. Kf3 Kg5 44. Kg2 f4 45. Kf3 fxg3 46.
Kxg3 h4+ 47. Kf3 Ba7 48. h3 Kf5 0-1

[Event "AUTO-ELITE-474"]
[Site "http://www.queenalice.com/game.php?id=837397"]
[Date "2010.9.24"]
[Round "3"]
[White "mister"]
[Black "Richardlim"]
[Result "1-0"]
[WhiteElo "2496"]
[BlackElo "2211"]

1. c4 c5 2. g3 Nc6 3. Bg2 g6 4. Nc3 Bg7 5. Nf3 Nf6 6. O-O O-O 7. d4 cxd4 8. Nxd4
Nxd4 9. Qxd4 d6 10. Bg5 a6 11. Qd2 Rb8 12. Rac1 Be6 13. Nd5 Nxd5 14. cxd5 Bd7
15. Rc2 b5 16. Rfc1 Rc8 17. Rxc8 Bxc8 18. e4 Bd7 19. b3 a5 20. b4 a4 21. Qc2 f6
22. Be3 f5 23. Qc7 fxe4 24. Qb7 Qe8 25. Rc7 Bc8 26. Qb6 Bf5 27. Bf1 Qb8 28. Rb7
Qd8 29. Qxd8 Rxd8 30. Bxb5 e6 31. Bc6 Kh8 32. Ra7 exd5 33. Bxd5 Bg4 34. b5 Rb8
35. b6 Bc8 36. Rxa4 h6 37. Bxe4 Be5 38. Ra7 Be6 39. Bxg6 Bd5 40. a4 Rb7 41. Rxb7
Bxb7 42. Bxh6 Bc3 43. g4 Ba5 44. Be3 Kg7 45. Bd3 Bf3 46. h4 Bxb6 47. Bxb6 Bxg4
48. a5 d5 49. Ba6 Kg6 50. Kh2 Kh5 51. Kg3 Bd7 52. Bb7 1-0

[Event "AUTO-ELITE-474"]
[Site "http://www.queenalice.com/game.php?id=837400"]
[Date "2010.9.24"]
[Round "3"]
[White "mister"]
[Black "Plotnnikov"]
[Result "1/2-1/2"]
[WhiteElo "2486"]
[BlackElo "2483"]

1. Nf3 d5 2. c4 c6 3. g3 Nf6 4. Bg2 dxc4 5. O-O Nbd7 6. Qc2 g6 7. Qxc4 Bg7 8. d3
O-O 9. Nc3 Nb6 10. Qh4 Nfd5 11. Bh6 Bf6 12. Bg5 h5 13. Rab1 Bg7 14. h3 Re8 15.
Bd2 Nxc3 16. bxc3 Qd6 17. Qb4 Qxb4 18. Rxb4 e5 19. Ng5 Bf8 20. Rb3 Rd8 21. Bc1
Be7 22. c4 Na4 23. Ne4 f5 24. Ng5 Nc5 25. Rb1 Na4 26. h4 a5 27. Rb3 Bc5 28. Rd1
Be7 29. Bf1 b5 30. cxb5 cxb5 31. a3 b4 32. axb4 Bxb4 33. Bd2 Nc5 34. Rbb1 Bxd2
35. Rxd2 a4 36. Bg2 Ra5 37. Rc2 a3 38. Rbc1 Nb3 39. Rxc8 Rxc8 40. Rxc8+ Kg7 41.
Rc7+ 1/2-1/2

[Event "AUTO-ELITE-474"]
[Site "http://www.queenalice.com/game.php?id=837401"]
[Date "2010.9.24"]
[Round "3"]
[White "Plotnnikov"]
[Black "mister"]
[Result "0-1"]
[WhiteElo "2483"]
[BlackElo "2486"]

1. e4 c5 2. Nf3 d6 3. d4 cxd4 4. Nxd4 Nf6 5. Nc3 a6 6. Be3 Ng4 7. Bg5 h6 8. Bh4
g5 9. Bg3 Bg7 10. Be2 h5 11. Bxg4 Bxg4 12. f3 Be6 13. O-O h4 14. Bf2 h3 15. g3
Qa5 16. Nce2 Bc4 17. Qe1 Qxe1 18. Raxe1 Nd7 19. b3 Bxe2 20. Rxe2 b5 21. Be3 Rc8
22. Nf5 Bf6 23. Kf2 Rg8 24. Rd1 Bc3 25. a4 bxa4 26. bxa4 Rc7 27. Rb1 Rg6 28. Bd2
Be5 29. Bb4 Rc6 30. Ba5 e6 31. Ne3 Bd4 32. c3 Bxe3+ 33. Rxe3 Ne5 34. Rb8+ Kd7
35. Rd8+ Ke7 36. Ra8 Nc4 37. Bb4 Nxe3 38. Kxe3 f6 39. Kd4 Kf7 40. Ra7+ Kg8 41.
a5 Rg7 42. Ra8+ Kh7 43. Re8 g4 44. fxg4 d5 45. exd5 Rxg4+ 46. Kd3 exd5 47. Re7+
Kg6 48. Re8 Rgc4 0-1

[Event "kasker"]
[Site "http://www.queenalice.com/game.php?id=919197"]
[Date "2011.3.29"]
[Round "3"]
[White "mister"]
[Black "Cerberus"]
[Result "1/2-1/2"]
[WhiteElo "2506"]
[BlackElo "2643"]

1. d4 Nf6 2. c4 e6 3. Nc3 c5 4. d5 exd5 5. cxd5 d6 6. Nf3 g6 7. Bf4 a6 8. a4 Bg7
9. e3 O-O 10. h3 Re8 11. Bd3 Nbd7 12. O-O Nh5 13. Bh2 Ne5 14. Be2 Nxf3+ 15. Bxf3
Nf6 16. a5 Qe7 17. Qd2 Rb8 18. Be2 b6 19. axb6 Rxb6 20. Ra2 Bb7 21. Bc4 Rb8 22.
Rfa1 Rb4 23. Bxa6 Bxa6 24. Rxa6 Rxb2 25. Bxd6 Rxd2 26. Bxe7 Nd7 27. Rc1 Bxc3 28.
Rxc3 Rxd5 29. e4 Rd1+ 30. Kh2 Kg7 31. f3 Rb2 32. Rd6 Rxd6 33. Bxd6 1/2-1/2